<?xml version="1.0" encoding="UTF-8"?><?xml-stylesheet type="text/xsl" href="static/style.xsl"?><OAI-PMH xmlns="http://www.openarchives.org/OAI/2.0/" xmlns:xsi="http://www.w3.org/2001/XMLSchema-instance" xsi:schemaLocation="http://www.openarchives.org/OAI/2.0/ http://www.openarchives.org/OAI/2.0/OAI-PMH.xsd"><responseDate>2026-04-17T02:26:33Z</responseDate><request verb="GetRecord" identifier="oai:www.recercat.cat:2445/217330" metadataPrefix="marc">https://recercat.cat/oai/request</request><GetRecord><record><header><identifier>oai:recercat.cat:2445/217330</identifier><datestamp>2025-11-21T05:15:06Z</datestamp><setSpec>com_2072_1057</setSpec><setSpec>col_2072_478860</setSpec><setSpec>col_2072_478917</setSpec></header><metadata><record xmlns="http://www.loc.gov/MARC21/slim" xmlns:dcterms="http://purl.org/dc/terms/" xmlns:xsi="http://www.w3.org/2001/XMLSchema-instance" xmlns:doc="http://www.lyncode.com/xoai" xsi:schemaLocation="http://www.loc.gov/MARC21/slim http://www.loc.gov/standards/marcxml/schema/MARC21slim.xsd">
   <leader>00925njm 22002777a 4500</leader>
   <datafield ind2=" " ind1=" " tag="042">
      <subfield code="a">dc</subfield>
   </datafield>
   <datafield ind2=" " ind1=" " tag="720">
      <subfield code="a">Martín Badia, Júlia</subfield>
      <subfield code="e">author</subfield>
   </datafield>
   <datafield ind2=" " ind1=" " tag="720">
      <subfield code="a">Goberna Tricas, Josefina</subfield>
      <subfield code="e">author</subfield>
   </datafield>
   <datafield ind2=" " ind1=" " tag="720">
      <subfield code="a">Obregón Gutiérrez, Noemí</subfield>
      <subfield code="e">author</subfield>
   </datafield>
   <datafield ind2=" " ind1=" " tag="720">
      <subfield code="a">Biurrun Garrido, Ainoa</subfield>
      <subfield code="e">author</subfield>
   </datafield>
   <datafield ind2=" " ind1=" " tag="260">
      <subfield code="c">2025-01-08T18:15:20Z</subfield>
   </datafield>
   <datafield ind2=" " ind1=" " tag="260">
      <subfield code="c">2025-01-08T18:15:20Z</subfield>
   </datafield>
   <datafield ind2=" " ind1=" " tag="260">
      <subfield code="c">2024-12-15</subfield>
   </datafield>
   <datafield ind2=" " ind1=" " tag="260">
      <subfield code="c">2025-01-08T18:15:20Z</subfield>
   </datafield>
   <datafield ind2=" " ind1=" " tag="520">
      <subfield code="a">Background: The birth plan promotes women's autonomy allowing them to express their care preferences and to participate actively in decision-making. During the Covid-19 pandemic, concerns about infection placed limitations on women's decision-making and infringed upon some of their rights. The role of the birth plan, after the pandemic, needs to be reassessed to protect women's rights and ensure high-quality maternity care. Research aim: To explore Spanish midwives' perspective on the principle of respect for autonomy and how this is reflected in the birth plan, and to identify aspects that can be improved in the new post-pandemic scenario.&#xd;
Methods: A descriptive phenomenological study of the experiences of Spanish midwives before, during and after the COVID-19 pandemic that addresses the use of the birth plan and the impact that the pandemic has had on women's rights. Individual online interviews and face-to-face focus groups were used. Results: Prior to the pandemic, midwives felt that birth plans had problems related to the unrealistic expectations of some women as well as to a lack of awareness of their usefulness. During the pandemic, women mobilized to challenge restrictive regulations, but faced problems with information dissemination and professional coordination, leading to continued infringement of women's rights post-pandemic.&#xd;
Conclusion: To enhance the effectiveness of the birth plan in supporting women's autonomy, a deliberative approach is needed, along with improvements in midwives' ethical and communication skills. The COVID-19 pandemic has created a new scenario in which the discussion about the possibility of increasing the number of birthing centres or offering home birth care funded by the public system, should be debated.</subfield>
   </datafield>
   <datafield tag="653" ind2=" " ind1=" ">
      <subfield code="a">Llevadores</subfield>
   </datafield>
   <datafield tag="653" ind2=" " ind1=" ">
      <subfield code="a">Preparació al part</subfield>
   </datafield>
   <datafield tag="653" ind2=" " ind1=" ">
      <subfield code="a">Embaràs</subfield>
   </datafield>
   <datafield tag="653" ind2=" " ind1=" ">
      <subfield code="a">Investigació qualitativa</subfield>
   </datafield>
   <datafield tag="653" ind2=" " ind1=" ">
      <subfield code="a">Midwives</subfield>
   </datafield>
   <datafield tag="653" ind2=" " ind1=" ">
      <subfield code="a">Preparation for parenthood</subfield>
   </datafield>
   <datafield tag="653" ind2=" " ind1=" ">
      <subfield code="a">Pregnancy</subfield>
   </datafield>
   <datafield tag="653" ind2=" " ind1=" ">
      <subfield code="a">Qualitative research</subfield>
   </datafield>
   <datafield ind2="0" ind1="0" tag="245">
      <subfield code="a">Rethinking the birth plan after the pandemic: A qualitative study of the view of Spanish midwives</subfield>
   </datafield>
</record></metadata></record></GetRecord></OAI-PMH>